MDQL
is popping MORE tags! Check the
thread
!
Quizzes
Events
Quiz Creation
Community
Videos
Private Events
Remove Ads
Sign In
Join for FREE
Feedback
Dark Mode
Quiz Categories
Sports
Geography
Music
Movies
Television
Just For Fun
Miscellaneous
History
Literature
Language
Science
Gaming
Entertainment
Religion
Holiday
For Kids
Quiz Lab
Recent
Popular Today
Quiz Kudos Today
Editor Picks
Curator Picks
Quizzes by...
Day
Popularity
Type
Ratings
Length
Year
Community
Subscriptions
Recent Discussions
Orange Saloon
Badges
Playlists
Quests
Create
Leaderboards
Showdown
Live 5
Trivia Bingo
Activity
Puzzle Library
Sporcle Events
Private Events
Virtual Trivia
Globe League
Become a Host
Pub Owners
SporcleCon
Opinionation
Our Games
Videos
Blog
Mobile Apps
Partnerships
Remove Ads and Go Orange
Feedback
Gaming
Video Games
Board Games
Card Games
Pokémon
Mario
Nintendo
Minecraft
Console
Toys
Legend of Zelda
Gaming
Video Games
Board Games
Card Games
Pokémon
Mario
Nintendo
Minecraft
Console
Toys
Legend of Zelda
Random Quiz
Search Sporcle
×
Quiz Lab
Quiz Lab
Gaming
Pokémon
Type in answers that appear in a list
Type in answers that appear in a list
Classic
Best Score? Go Orange.
All of Gen 4 Pokemon Stats
Can you name the All of Gen 4 Pokemon?
By
lmayfield1120
10m
107 Questions
96 Plays
96 Plays
96 Plays
Comments
Comments
Give Quiz Kudos
Give Quiz Kudos
-
- Ratings
hide this ad
More Info
Replay
Link that replays current quiz
Next Quiz
Link to next quiz in quiz playlist
You Got
0%
They Got
Avg Score
40%
Avg Friend Score
Upgrade to see
Score Distribution
Jump to the score distribution portion of the page
Score
0/107
Timer
10:00
0
Plays Today
Hint
Answer
% Correct
Turtwig
95.8%
Chimchar
93.8%
Torterra
92.7%
Infernape
91.7%
Piplup
90.6%
Grotle
89.6%
Monferno
87.5%
Prinplup
87.5%
Empoleon
86.5%
Starly
83.3%
Staraptor
83.3%
Staravia
82.3%
Bidoof
78.1%
Dialga
72.9%
Bibarel
71.9%
Palkia
70.8%
Giratina
65.6%
Shinx
64.6%
Luxio
63.5%
Luxray
63.5%
Darkrai
62.5%
uxie
58.3%
Magmortar
57.3%
Arceus
57.3%
Mesprit
54.2%
Kricketot
52.1%
Gible
52.1%
Gabite
51%
Garchomp
51%
Shaymin
51%
Rampardos
49%
Lucario
49%
Roserade
47.9%
Cresselia
47.9%
Regigigas
46.9%
Riolu
45.8%
Hint
Answer
% Correct
Glaceon
45.8%
Shieldon
44.8%
Manaphy
44.8%
Budew
43.8%
Buizel
42.7%
Heatran
42.7%
Kriketune
41.7%
Floatzel
40.6%
Bastiodon
39.6%
Phione
38.5%
Shellos
37.5%
Gastrodon
37.5%
Weavile
37.5%
Gliscor
36.5%
Drifloon
35.4%
Gallade
34.4%
Froslass
34.4%
Drifblim
33.3%
Rhyperior
33.3%
Togekiss
32.3%
Mismagius
31.3%
Mamoswine
31.3%
Glameow
30.2%
Combee
29.2%
Rotom
29.2%
Honchkrow
28.1%
Skuntank
28.1%
Mime Jr.
28.1%
Burmy
27.1%
Wormadam
27.1%
Wormadam
27.1%
Wormadam
27.1%
Stunky
27.1%
Mothim
26%
Bronzor
26%
Bronzong
26%
Hint
Answer
% Correct
Spiritomb
26%
Croagunk
26%
Magnezone
26%
Vespiquen
25%
Cherubi
25%
Cherrim
25%
Drapion
25%
Toxicroak
25%
Snover
25%
Abomasnow
25%
Porygon-Z
25%
Bonsly
22.9%
Finneon
22.9%
Lumineon
22.9%
Tangrowth
22.9%
Yanmega
22.9%
Buneary
21.9%
Dusknoir
21.9%
Happiny
20.8%
Skorupi
20.8%
Lopunny
19.8%
Hippopotas
19.8%
Lickilicky
19.8%
Probopass
19.8%
Chatot
16.7%
Chingling
15.6%
Carnivine
15.6%
Aself
15.6%
Ambipom
14.6%
Mantyke
14.6%
Hippowdown
7.3%
Purgly
6.3%
Pachirusu
3.1%
Craniodos
2.1%
Electrive
1%
Quiz Playlist
Details
Report
Send in Message
Add To Playlist
More Info:
Still in progress, need to upload image for semi guide
Classic:
Type in answers that appear in a list
Last Updated: Apr 30, 2017
Quiz Scoreboard
CHALLENGE
Sign Up to Join the Scoreboard
Show All
Scores
Hide
Comments
May contain spoilers
Recently Published
Image Sorting: Flags VI
by Barbecue
Geography
2m
Find the 'City' Movie
by crazypaving
Movies
60s
Colored Red Africa Blitz
by spor1
Geography
45s
More to Explore
Quiz From the Vault
Featured Blog Post
14 Easter Pick-up Lines to Find Eggs With
hide this ad
You Might Also Like...
Tags
Pokémon Quiz
gen
Gen 4
Today's Top Quizzes in Gaming
Browse Gaming
hide this ad
Today's Top Quizzes in Pokémon
Browse Pokémon
Top Contributed Quizzes in Gaming
1
League of Legends Pro Players by Career/Team History
2
Destiny 2 exotic weapons by perk icons
3
Genshin murder mystery
4
Dead By Daylight Logic Puzzle
5
Genshin Impact Logic Puzzle
6
Overwatch Logic Puzzle
7
4x4 Decades: Video Games
8
Who's on the WWE 2K24 Cover?
9
Overwatch 2: Ultimate Ability Icons
10
Valorant Agent Developer Names (Up to Clove)
Explore More
Trending Topics
Marvel
Anime
NBA
Harry Potter
Disney
Kpop
Crossword
Soccer
Pokémon
Song
NFL
The Office
Country
WWE
Puzzle
hide this ad
More By:
lmayfield1120
Quiz
Plays
Rating
Category
Featured
Created
All of Gen 4 Pokemon
96
2.00
Gaming
Apr 18, 2017
Go to Creator's Profile
Score Distribution
Quiz Creator Spotlight
lmayfield1120
Follow
Send a Message
Quizzes Created
-
Created Quiz Play Count
-
More By This Creator
Popular Quizzes Today
1
Colored Red Africa Blitz
2
Find the US States - No Outlines Minefield
3
Find the 'City' Movie
4
5x2 Blitz: Bands
5
The Countries of the World
6
Find the US States
7
Find the Countries of Europe - No Outlines Minefield
8
US States
More Gaming Quizzes
Name the Toy
Published
Trending Quizzes
Colored Red Europe Blitz I
Colored Red Europe Blitz II
Colored Red Africa Blitz II
Colored Red Europe Blitz III
Colored Red Africa Blitz III
Recently Updated
How Do You Spell That?
pecheneg
Godzilla Movies
pecheneg
Grab Bag: 4-10 Letters
pecheneg
2024 March Madness Bracket
pecheneg
Famous TV Couples
Peacemaker
Champions League XIs: Real Madrid
pecheneg
Largest US Cities 1790-2010
pecheneg
Rides in Walt Disney World
pecheneg
Most Oscar Losses (Acting)
pecheneg
Beyoncé Albums
pecheneg
Trending Topics
Marvel
Kpop
NBA
Disney
Harry Potter
Crossword
Anime
Pokémon
Puzzle
Country
Soccer
The Office
Song
NFL
WWE
Your Account Isn't Verified!
In order to create a playlist on Sporcle, you need to verify the email address you used during registration. Go to your
Sporcle Settings
to finish the process.
Report this User
Report this user for behavior that violates our
Community Guidelines
.
Details:
Send Report
Go to the Sporcle.com Mobile Site →
Comments